[Event "Canadian op"]
[Site "Edmonton"]
[Date "2005.07.15"]
[Round "8"]
[White "Harrop, Breagan"]
[Black "Meller, Caleb"]
[Result "1-0"]
[WhiteElo "1568"]
[BlackElo "1365"]
[PlyCount "55"]
[EventDate "2005.07.09"]
[EventType "swiss"]
[EventRounds "10"]
[EventCountry "CAN"]
[SourceTitle "CBM 107 Extra"]
[Source "ChessBase"]
[SourceDate "2005.09.01"]
[SourceVersion "1"]
[SourceVersionDate "2005.09.01"]
[SourceQuality "1"]

1. e4 e5 2. d4 exd4 3. c3 Bc5 4. cxd4 Be7 5. Bc4 d6 6. Qb3 Be6 7. Bxe6 fxe6 8. Qxe6 Nc6 9. Nf3 Nf6 10. Ng5 Rf8 11. Qb3 b6 12. Ne6 Qd7 13. Nxf8 Bxf8 14. d5 Nd4 15. Qd3 c5 16. 0-0 0-0-0 17. b4 Ng4 18. Bb2 Nb5 19. bxc5 dxc5 20. f3 Ne5 21. Bxe5 Nd4 22. Qa6+ Qb7 23. Qxb7+ Kxb7 24. Bxd4 cxd4 25. Nd2 g6 26. Nb3 Bg7 27. Rac1 a5 28. Rfd1 1-0